Enzymatic reaction mechanisms (Record no. 34575)

MARC details
000 -LEADER
fixed length control field 00428nam a2200169Ia 4500
082 ## - DEWEY DECIMAL CLASSIFICATION NUMBER
Classification number 577.15
Item number WAL
100 ## - MAIN ENTRY--AUTHOR NAME
Personal name WALSH, Christopher
245 #0 - TITLE STATEMENT
Title Enzymatic reaction mechanisms
260 ## - PUBLICATION, DISTRIBUTION, ETC. (IMPRINT)
Place of publication San Francisco
Name of publisher WH Freeman
Year of publication 1977
650 ## - SUBJECT ADDED ENTRY--TOPICAL TERM
Topical Term Biochemistry
650 ## - SUBJECT ADDED ENTRY--TOPICAL TERM
Topical Term Enzyme
650 ## - SUBJECT ADDED ENTRY--TOPICAL TERM
Topical Term Glutamine
650 ## - SUBJECT ADDED ENTRY--TOPICAL TERM
Topical Term Isomerization
650 ## - SUBJECT ADDED ENTRY--TOPICAL TERM
Topical Term Phosphoryl transfer
942 ## - ADDED ENTRY ELEMENTS (KOHA)
Koha item type Books
Holdings
Withdrawn status Lost status Damaged status Not for loan Home library Current library Date acquired Full call number Accession Number Koha item type
        RRII Library RRII Library 16/12/2021 577.15 WAL 15005 Books